000 00723nam a22002177a 4500
003 UA-OsUOA
001 115466
007 ta
008 20151223b un ||||| |||| 00| 0 ukr d
100 _aГуменюк В.
090 _a330(477)
_bГ94
942 _cSA
040 _aUA-OsUOA
_bukr
_cUA-OsUOA
_dUA-OsUOA
245 _aТрансформація рекреаційної діяльності на тлі геополітичних чинників соціальної напруги в Україні
300 _aС.25-32
955 _a0
041 _aukr
080 _a330(477)
773 0 _w115464
_tУкраїна: аспекти праці
_dК.
_d2015
_g8
650 7 _a330 Економіка взагалі
_2UDC
999 _c401993
_d401993